Normal view
MARC view
Entry Personal Name
001 - CONTROL NUMBER
- control field: 19407
003 - CONTROL NUMBER IDENTIFIER
- control field: ARRUPE
005 - DATE AND TIME OF LATEST TRANSACTION
- control field: 20150907151317.0
008 - FIXED-LENGTH DATA ELEMENTS
- fixed length control field: 150907|| aca||aabn | a|a d
040 ## - CATALOGING SOURCE
- Original cataloging agency: ARRUPE
- Transcribing agency: ARRUPE
100 ## - HEADING--PERSONAL NAME
- Personal name: Gunda, Masiiwa Ragies
670 ## - SOURCE DATA FOUND
- Source citation: Work cat.: (ARRUPE): Gunda, Masiiwa Ragies, On the public role of the Bible in Zimbabwe, 2015